Learning Resource and Development

Clinical and professional reasoning in occupational therapy / (Record no. 32156)

MARC details
000 -LEADER
fixed length control field 03413cam a2200421 i 4500
001 - CONTROL NUMBER
control field 23139532
003 - CONTROL NUMBER IDENTIFIER
control field CSPC
005 - DATE AND TIME OF LATEST TRANSACTION
control field 20260324095417.0
008 - FIXED-LENGTH DATA ELEMENTS--GENERAL INFORMATION
fixed length control field 230522s2025 paua b 001 0 eng
010 ## - LIBRARY OF CONGRESS CONTROL NUMBER
LC control number 2023024647
020 ## - INTERNATIONAL STANDARD BOOK NUMBER
International Standard Book Number 9781975196851
Qualifying information (paperback)
035 ## - SYSTEM CONTROL NUMBER
System control number 23139532
040 ## - CATALOGING SOURCE
Original cataloging agency DNLM/DLC
Language of cataloging eng
Description conventions rda
Transcribing agency DLC
Modifying agency DLC
-- CSPC
042 ## - AUTHENTICATION CODE
Authentication code pcc
050 00 - LIBRARY OF CONGRESS CALL NUMBER
Classification number RM735
Item number .C595 2025
060 00 - NATIONAL LIBRARY OF MEDICINE CALL NUMBER
Classification number WB 555
082 00 - DEWEY DECIMAL CLASSIFICATION NUMBER
Classification number 615.8515
Item number C616
Edition number 23/eng/20230706
084 ## - OTHER CLASSIFICATION NUMBER
Classification number MED061000
Number source bisacsh
245 00 - TITLE STATEMENT
Title Clinical and professional reasoning in occupational therapy /
Statement of responsibility, etc. edited by Barbara A. Boyt Schell and John W. Schell.
250 ## - EDITION STATEMENT
Edition statement Third edition.
264 #1 - PRODUCTION, PUBLICATION, DISTRIBUTION, MANUFACTURE, AND COPYRIGHT NOTICE
Place of production, publication, distribution, manufacture Philadelphia, Pennsylvania :
Name of producer, publisher, distributor, manufacturer Wolters Kluwer,
Date of production, publication, distribution, manufacture, or copyright notice 2025.
300 ## - PHYSICAL DESCRIPTION
Extent xx, 668 pages :
Other physical details illustrations ;
Dimensions 26 cm.
336 ## - CONTENT TYPE
Content type term text
Content type code txt
Source rdacontent
337 ## - MEDIA TYPE
Media type term unmediated
Media type code n
Source rdamedia
338 ## - CARRIER TYPE
Carrier type term volume
Carrier type code nc
Source rdacarrier
504 ## - BIBLIOGRAPHY, ETC. NOTE
Bibliography, etc. note Includes bibliographical references and index.
505 0# - FORMATTED CONTENTS NOTE
Formatted contents note Unit I. Nature of professional reasoning -- Professional reasoning as the basis of practice -- Cognition in professional practice -- Culture, assumptions, and reasoning -- Embodied reasoning in professional practice -- An ecological model of professional reasoning -- Unit II. Aspects of professional reasoning -- Aspects of professional reasoning -- Scientific reasoning and evidence in practice -- Narrative reasoning -- Pragmatic reasoning -- Ethical reasoning -- Interactive reasoning -- Unit III. Professional reasoning in context -- Context and reasoning -- Interprofessional reasoning -- Clinical reasoning in acute care -- Neonatal intensive care -- Home modifications -- School-based practice -- Public education systems and populations -- Palliative and end-of-life care -- Screening and assessing older drivers -- Mental health -- Health promotion for community dwelling adults -- Supervision and the development of professional reasoning -- Unit IV. promoting effective professional reasoning -- Improving practice through reflective strategies -- Epistemology: knowing how you know -- Learning and teaching for reasoning -- Learning professional reasoning in practice through fieldwork -- Professional reasoning in occupational therapy management -- Research and scholarship in clinical and professional reasoning.
520 ## - SUMMARY, ETC.
Summary, etc. "Clinical and Professional Reasoning in Occupational Therapy, by Barb and John Schell, was a groundbreaking text when it first published - addressing the clinical reasoning process occupational therapists use when evaluating and treating patients. New texts have since published that address clinical reasoning from a practical perspective - ie, 'how-to' books for new OTs entering clinical practice - but the Schell text remains unique in analyzing the clinical reasoning process from a theoretical"--
Assigning source Provided by publisher.
650 12 - SUBJECT ADDED ENTRY--TOPICAL TERM
Topical term or geographic name entry element Occupational Therapy
General subdivision methods
650 22 - SUBJECT ADDED ENTRY--TOPICAL TERM
Topical term or geographic name entry element Clinical Reasoning
650 #7 - SUBJECT ADDED ENTRY--TOPICAL TERM
Topical term or geographic name entry element MEDICAL / Occupational & Industrial Medicine
Source of heading or term bisacsh
700 1# - ADDED ENTRY--PERSONAL NAME
Personal name Schell, Barbara A. Boyt,
Relator term editor.
700 1# - ADDED ENTRY--PERSONAL NAME
Personal name Schell, John W.
Fuller form of name (John William),
Dates associated with a name 1947-
Relator term editor.
906 ## - LOCAL DATA ELEMENT F, LDF (RLIN)
a 7
b cbc
c orignew
d 1
e ecip
f 20
g y-gencatlg
942 ## - ADDED ENTRY ELEMENTS (KOHA)
Source of classification or shelving scheme Dewey Decimal Classification
Koha item type Books
Edition 23
Classification part 615.8515
Item part C616
Call number prefix GRD
Call number suffix 2025
Suppress in OPAC No
Holdings
Withdrawn status Lost status Source of classification or shelving scheme Damaged status Not for loan Home library Current library Shelving location Date acquired Total Checkouts Full call number Barcode Date last seen Copy number Price effective from Koha item type
    Dewey Decimal Classification     Main Library Main Library Graduate School Library 03/24/2026   GRD 615.8515 C616 2025 031486 03/24/2026 1-1 03/24/2026 Books